000 00612nam a2200241Ia 4500
003 OSt
005 20221007065130.0
006 a|||||r|||| 00| 0
007 ta
008 221006b |||||||| |||| 00| 0 eng d
024 _a21,864
037 _cTextual
040 _aFLL
_cFLL
_beng
041 _2eng
_aeng
082 _aZ:(D65,8(B), P4
100 _aReed Chris
245 0 _aInternet law
250 _a2nd
260 _aDelhi
_bUniversal Law Publishing Co. India
_c2004
300 _axliv,328p
_ccm.
942 _hZ:(D65,8(B), P4
_cTEXL
_2CC
999 _c1136402
_d1136402